Les 10 clubs de Premier League avec le plus de titres de champion - Statistiques

Statistiques générales
  • Ce quiz a été pris 426 fois
  • Le résultat moyen est 7 sur 10
Statistiques - réponses
Top Nb titre de champion Club % Correct
1 20 Manchester United
100%
5 8 Manchester City
99%
2 19 Liverpool FC
98%
3 13 Arsenal FC
97%
7 6 Chelsea FC
96%
6 7 Aston Villa
71%
9 4 Newcastle United
66%
4 9 Everton FC
62%
8 6 Sunderland AFC
23%
10 4 Sheffield Wednesday
20%
Aucun quiz correspondant
Distribution des résultats
% des personnes avec chaque résultat
Percentile par nombre de réponses
Votre historique - résultats
Vous n’avez pas pris ce quiz